000 00472nam a2200157Ia 4500
008 140529s9999 xx 000 0 und d
050 _aPZ 8
_b.L48 1954
100 _aLewis, C. S.
245 4 _aThe horse and his boy /
_cC. S. Lewis ; illustrated by Pauline Baynes
260 _aNew York :
_bScholastic Inc.,
_cc1954.
300 _a224 p. :
_bill., map ;
_c20 cm.
440 _a(The Chronicles of Narnia : Bk 3).
521 _aGE
942 _kFOR
_cBK
999 _c117771
_d117771